Services marketing (Record no. 3156)

MARC details
000 -LEADER
fixed length control field 00406 a2200157 4500
000 - LEADER
fixed length control field BKB
001 - CONTROL NUMBER
control field 069612
005 - DATE AND TIME OF LATEST TRANSACTION
control field 20200902150325.0
008 - FIXED-LENGTH DATA ELEMENTS--GENERAL INFORMATION
fixed length control field
082 ## - DEWEY DECIMAL CLASSIFICATION NUMBER
Classification number 658.8
Item number R19S
100 1# - MAIN ENTRY--PERSONAL NAME
Personal name Shanker, Ravi
245 1# - TITLE STATEMENT
Title Services marketing
Statement of responsibility, etc by Ravi Shanker
260 ## - PUBLICATION, DISTRIBUTION, ETC. (IMPRINT)
Place of publication, distribution, etc New Delhi
Name of publisher, distributor, etc Excel Books
Date of publication, distribution, etc 2010
300 ## - PHYSICAL DESCRIPTION
Extent 656p.
690 ## - LOCAL SUBJECT ADDED ENTRY--TOPICAL TERM (OCLC, RLIN)
Topical term or geographic name as entry element Service industries; India
Holdings
Withdrawn status Lost status Damaged status Not for loan Home library Current library Date acquired Cost, normal purchase price Total Checkouts Full call number Barcode Date last seen Date checked out Price effective from Koha item type
        Central University Of Rajasthan Central University Of Rajasthan 07/03/2012 325.00 1 658.8 R19S 3899 21/11/2024 17/08/2023 02/09/2020 Books